Statistics for Yakuza 0 Kiryu Quiz

Click here to take the quiz!

General Stats

  • This quiz has been taken 453 times
  • The average score is 29 of 34

Answer Stats

HintAnswer% Correct
Who is the main protagonist in Yakuza 0?Kazama Kiryu
99%
Who's idea to make Kiryu leave the Dojima family?Kazama Kiryu
97%
Who is the captain in the Dojima family?Shintaro Kazama
97%
Who took in Kiryu and Nishiki and acts like a father to them?Shintaro kazama
97%
Who is the patriarch for the Dojima family?Sohei Dojima
97%
Who is Kiryu's oath brother?Akira Nishikiyama
96%
Who stop Kiryu from killing Shibusawa?Akira Nishikiyama
96%
What year did Yakuza 0 got release in North American and Europe?2017
94%
Who is one of the three lieutenants that serve the Dojima family?Daisaku Kaze
94%
Who set Kiryu up for murdering a civilian?Daisaku kuze
94%
Who said that Kiryu is a civilian?Daisaku Kuze
94%
What year did Yakuza 0 took place?1988
93%
What year did Yakuza 0 got release in Japan?2015
93%
Who is one of the three lieutenants that serve the Dojima family?Keiji Shibusawa
92%
Who did Kiryu end up fighting in the boat?Keiji Shibusawa
92%
Who did Kiryu meet at the extra credit scene?Goro Majima
91%
Who promise Kiryu if he were to join his company he would help Kiryu clear his name?Tetsu Tachibana
91%
What was the name of Kiryu legend style? (color is white)Dragon of Dojima
89%
What title did Kiryu now claim as since he defeated Shibusawa?The Dragon of Dojima
89%
What was Kiryu and Shibusawa both trying to claim?The Dragon of Dojima
89%
What was the third style that Kiryu learned? (color is yellow)Beast
88%
What style did you start of with Kiryu? (color is blue)Brawler
87%
Who is Tachibanas's sister?Makoto Makimura
87%
What was the second style that Kiryu learned? (color is purple)Rush
87%
Who's is Tachibana's right hand man?Jun Oda
84%
Where was kazama throughout the whole game?Prison
83%
Who is one of the three lieutenants that serve the Dojima family?Hiroki Awano
82%
What did Kuza lost after the first fight with Kiryu?Pinky
78%
Who's Shintaro Kazama right hand man?Osamu Kashiwagi
75%
What color was Shibusawa's dragon?Green
73%
What family does Kiryu and Nishiki serve in the Tojo clan?The Dojima Family
70%
Who did Sohei Dojima sent to capture Tachibana?Lao Gui
59%
What object was last used that caused Tachibana's death?Sledgehammer
57%
What color was Kiryu's dragon in Yakuza 0?uncolor
10%

Score Distribution

Percentile by Number Answered

Percent of People with Each Score

Your Score History

You have not taken this quiz